000 01469cam a22002054a 4500
005 20250605164107.0
008 250528s ||||||||||||||||||||||||d
035 _a17768
020 _a9780415275583
040 _aGR-AtMCL
_bgre
_dGR-AtMCL
_eAACR2
245 1 _aMaritime Economics / Third Edition
250 _a3rd
260 _bRouledge,
_c2009
300 _a816
520 _aThis book uses historical and theoretical analysis as the framework for a practical explanation of how shipping works today. Preface, Synopsis, Abbreviations, Introduction to Shipping, Sea Transport and the Global Economy, The Organization of the Shipping Market, Shipping Market Economics, Shipping Market Cycles, Supply and Demand and Freight Rates, The Four Shipping Markets, Shipping Company Economics, Costs and Revenue and Cashflow, Financing Ships and Shipping Companies, Risk and Return and Shipping Company Economics, Seaborne Trade and Transport Systems, The Geography of Maritime Trade, The Principles of Maritime Trade, The Transport of Bulk Cargoes, The Transport of Specialized Cargoes, The Transport of General Cargo, The Merchant Fleet and Transport Supply, The Ships that Provide the Transport, The Economics of Shipbuilding and Scrapping, The Regulation of the Maritime Industry, Forecasting and Planning, Maritime Forecasting and Market Research, Appendices, Notes, Index.
700 1 _aMartin Stopford
_94001
942 _cBK
999 _c3168
_d3168